000 01488nam0a2200397 4500
001 RU\NLR\bibl\141685
005 20260409074457.0
010 _a5-8268-0108-5
_9100
020 _aRU
_b98-40291
_9Книжная летопись
021 _aRU
_b98-33973
_91612
035 _a(NLR Aleph) 000138804
090 _a794049
_c794049
100 _a20000410d1996 |||y0rusy50 ca
101 0 _arus
102 _aRU
105 _ag |||||||||
200 1 _aВопросы фортепианной педагогики
_eУчеб. пособие
_fМ. В. Митрясов
_gОмский гос. пед. ун-т
210 _aОмск
_cИзд-во ОмГПУ
_d1996
215 _a90,[2] с.
_cнот. ил.
_d21
320 _aБиблиогр.: с. 88-90 (45 назв.)
606 0 _aФортепианная техника
_xМетодика преподавания
_91895706
_3RU\NLR\auth\661152720
606 _aФортепианная техника
_xПреподавание
_3RU\NLR\auth\661298975
_92158022
610 0 _aФортепьяно - методика и техника игры
675 _a372.878.046.16
_v3
_zrus
686 _a14
_2rugasnti
686 _a74.26
_2rubbk
686 _aЩ310.715.42-7р-3
686 _aЧ489.726
700 1 _aМитрясов
_bМ. В.
_4070
801 0 _aRU
_bRKP
_c20000410
_gPSBO
801 1 _aRU
_bRKP
_c20000410
801 2 _aRU
_bNLR
_c20010423
_grcr
852 _aNLR
_j2000-6/964
942 _cBOOK
980 _aNB